| 000 | 00434nam a2200181Ia 4500 | ||
|---|---|---|---|
| 001 | 18472 | ||
| 005 | 20260306171633.0 | ||
| 008 | 260306s9999||||xx |||||||||||||| ||und|| | ||
| 041 | _aESP | ||
| 082 |
_a658.406 _bB45 |
||
| 100 |
_aBerumen, Sergio A. _eAUT |
||
| 245 | 0 | _aValor estratégico de la innovación | |
| 260 | _c2014 | ||
| 300 |
_a168 páginas : _c23 cm. |
||
| 650 | _aGEN | ||
| 654 | _aCAN | ||
| 942 |
_cLIB _dJUS _fJUS _2ddc _n |
||
| 999 |
_c18472 _d18472 |
||